[Event "Gothenburg Kvibergspelen 09"]
[Site "Gothenburg"]
[Date "2019.09.27"]
[Round "1"]
[White "Ziegler, Ari"]
[Black "Andersson, Kjell Ake"]
[Result "1-0"]
[WhiteElo "2299"]
[BlackElo "1905"]
[PlyCount "63"]
[EventDate "2019.09.27"]
[EventType "swiss"]
[EventRounds "8"]
[EventCountry "SWE"]
[SourceTitle "EXT 2020"]
[Source "ChessBase"]
[SourceDate "2019.10.17"]
[SourceVersion "1"]
[SourceVersionDate "2019.10.17"]
[SourceQuality "1"]

1. e4 e6 2. d4 d5 3. Nd2 Nf6 4. e5 Nfd7 5. Bd3 c5 6. c3 Nc6 7. Ne2 Qb6 8. Nf3 cxd4 9. cxd4 f6 10. exf6 Nxf6 11. 0-0 Bd7 12. b3 Bd6 13. Bb2 0-0 14. Rc1 Ng4 15. Ng3 Bf4 16. Rc5 Nb4 17. Bb1 Bb5 18. Re1 Rae8 19. a3 Nc6 20. b4 Nd8 21. Qc2 g6 22. Bc1 Bxc1 23. Qxc1 Nf7 24. h4 Bc4 25. h5 e5 26. hxg6 hxg6 27. Rxc4 dxc4 28. Qxc4 Rc8 29. Qb3 Kg7 30. Ne4 exd4 31. Ba2 Nfe5 32. Nc5 1-0

[Event "Lidkoping op"]
[Site "Lidkoping"]
[Date "2019.08.25"]
[Round "6"]
[White "Andersson, Kjell Ake"]
[Black "Svedberg, Hans"]
[Result "1-0"]
[WhiteElo "1922"]
[BlackElo "2008"]
[PlyCount "107"]
[EventDate "2019.08.24"]
[EventType "swiss"]
[EventRounds "7"]
[EventCountry "SWE"]
[SourceTitle "EXT 2020"]
[Source "ChessBase"]
[SourceDate "2019.10.17"]
[SourceVersion "1"]
[SourceVersionDate "2019.10.17"]
[SourceQuality "1"]

1. Nf3 c5 2. c4 Nc6 3. Nc3 e5 4. d3 g6 5. g3 Bg7 6. Rb1 Nge7 7. Ne4 d6 8. Bg5 f5 9. Nf6+ Kf7 10. Nd5 h6 11. Bd2 Be6 12. e4 Qd7 13. Bg2 Rac8 14. 0-0 Kg8 15. Ne1 Kh7 16. b4 b6 17. b5 Nd4 18. a4 Rhf8 19. a5 Rb8 20. axb6 axb6 21. Ra1 Bxd5 22. exd5 Ra8 23. Bc3 e4 24. Rxa8 Rxa8 25. dxe4 Ra2 26. Bd2 Qa7 27. Nd3 Qa3 28. Bf4 Ne2+ 29. Kh1 Nxf4 30. Nxf4 Ra1 31. Qe2 Ra2 32. Qd3 Qb2 33. exf5 Nxf5 34. Bh3 Ra1 35. Rxa1 Qxa1+ 36. Kg2 Qe5 37. Bxf5 gxf5 38. Ne6 Bf6 39. g4 Qe4+ 40. Qxe4 fxe4 41. Kg3 Be5+ 42. Kg2 Kg6 43. Nf8+ Kg5 44. Nd7 Kf4 45. Nxb6 Bc3 46. h3 Ke5 47. Nd7+ Kd4 48. b6 Ba5 49. b7 Bc7 50. Nb6 Kd3 51. h4 Kc3 52. g5 hxg5 53. hxg5 Kb4 54. g6 1-0

[Event "Lidkoping op"]
[Site "Lidkoping"]
[Date "2019.08.25"]
[Round "7"]
[White "Kleimark, Anders Ludvig"]
[Black "Andersson, Kjell Ake"]
[Result "1-0"]
[WhiteElo "2016"]
[BlackElo "1922"]
[PlyCount "41"]
[EventDate "2019.08.24"]
[EventType "swiss"]
[EventRounds "7"]
[EventCountry "SWE"]
[SourceTitle "EXT 2020"]
[Source "ChessBase"]
[SourceDate "2019.10.17"]
[SourceVersion "1"]
[SourceVersionDate "2019.10.17"]
[SourceQuality "1"]

1. d4 Nf6 2. c4 e6 3. g3 Bb4+ 4. Bd2 Qe7 5. Nf3 Nc6 6. Nc3 0-0 7. Bg2 d6 8. d5 Nb8 9. 0-0 e5 10. Qc2 a5 11. Nh4 Na6 12. a3 Bxc3 13. Bxc3 b6 14. b4 axb4 15. axb4 Bb7 16. Nf5 Qe8 17. f4 Nd7 18. fxe5 Nxe5 19. Qe4 Rd8 20. Qh4 Ng6 21. Qh6 1-0

[Event "Lidkoping op"]
[Site "Lidkoping"]
[Date "2019.08.25"]
[Round "5"]
[White "Nordstrom, Per Olov"]
[Black "Andersson, Kjell Ake"]
[Result "0-1"]
[WhiteElo "1899"]
[BlackElo "1922"]
[PlyCount "68"]
[EventDate "2019.08.24"]
[EventType "swiss"]
[EventRounds "7"]
[EventCountry "SWE"]
[SourceTitle "EXT 2020"]
[Source "ChessBase"]
[SourceDate "2019.10.17"]
[SourceVersion "1"]
[SourceVersionDate "2019.10.17"]
[SourceQuality "1"]

1. e4 e6 2. d3 d5 3. Nd2 c5 4. Ngf3 Nc6 5. g3 Nf6 6. Bg2 Be7 7. 0-0 0-0 8. e5 Ne8 9. Re1 b5 10. Nf1 Bd7 11. h4 a5 12. N1h2 b4 13. h5 a4 14. a3 Nc7 15. h6 g6 16. g4 Nb5 17. g5 Ncd4 18. Qd2 b3 19. Nxd4 Nxd4 20. c4 Nc2 21. cxd5 exd5 22. Bxd5 Nxa1 23. e6 fxe6 24. Qc3 Rf7 25. Bxa8 Qxa8 26. Ng4 Qf3 27. Ne5 Qxf2+ 28. Kh1 Nc2 29. Bd2 Nxe1 30. Bxe1 Qf1+ 31. Kh2 Bd6 32. Bg3 Bxe5 33. Qxe5 Bc6 34. Qb8+ Rf8 0-1

[Event "Gothenburg op"]
[Site "Gothenburg"]
[Date "2019.08.17"]
[Round "5"]
[White "Welin, Mats Erik Thomas"]
[Black "Andersson, Kjell Ake"]
[Result "1-0"]
[WhiteElo "2310"]
[BlackElo "1922"]
[PlyCount "67"]
[EventDate "2019.08.16"]
[EventType "swiss"]
[EventRounds "8"]
[EventCountry "SWE"]
[SourceTitle "CBM 191 Extra"]
[Source "ChessBase"]
[SourceDate "2019.09.30"]
[SourceVersion "1"]
[SourceVersionDate "2019.09.30"]
[SourceQuality "1"]

1. e4 e6 2. d4 d5 3. Nc3 Bb4 4. e5 c5 5. a3 Bxc3+ 6. bxc3 Qc7 7. Qg4 f5 8. Qh5+ Qf7 9. Qd1 Qc7 10. Nf3 Ne7 11. a4 Nbc6 12. Ba3 b6 13. Bb5 a6 14. Bd3 0-0 15. 0-0 Nd8 16. a5 bxa5 17. Bxc5 Nb7 18. Ba3 Re8 19. Ng5 h6 20. Qh5 Rf8 21. Nf3 Rf7 22. Qh4 Ng6 23. Qg3 Nf8 24. Bc1 Kh8 25. Bd2 Bd7 26. h4 a4 27. Rfb1 Na5 28. Kh1 Nc4 29. Bc1 Bb5 30. Ng1 Nd7 31. Ne2 Ndb6 32. Nf4 Qd7 33. Qg6 Re7 34. g4 1-0

[Event "Gothenburg op"]
[Site "Gothenburg"]
[Date "2019.08.16"]
[Round "1"]
[White "Blomqvist, Erik"]
[Black "Andersson, Kjell Ake"]
[Result "1-0"]
[WhiteElo "2507"]
[BlackElo "1922"]
[PlyCount "49"]
[EventDate "2019.08.16"]
[EventType "swiss"]
[EventRounds "8"]
[EventCountry "SWE"]
[SourceTitle "CBM 191 Extra"]
[Source "ChessBase"]
[SourceDate "2019.09.30"]
[SourceVersion "1"]
[SourceVersionDate "2019.09.30"]
[SourceQuality "1"]

1. e4 e6 2. d4 d5 3. e5 c5 4. c3 Nc6 5. Nf3 Bd7 6. Be2 f6 7. 0-0 Qc7 8. Bf4 f5 9. Nbd2 c4 10. b3 cxb3 11. axb3 Nge7 12. h4 Ng6 13. Bg3 Be7 14. h5 Nf8 15. b4 g5 16. hxg6 hxg6 17. Ne1 Nh7 18. f4 Kf7 19. Nd3 b6 20. Kf2 Rag8 21. Rh1 g5 22. Rh5 gxf4 23. Bxf4 Bg5 24. Qh1 Qd8 25. Rxh7+ 1-0

[Event "Gothenburg op"]
[Site "Gothenburg"]
[Date "2019.08.16"]
[Round "3"]
[White "Nilsson, Joakim"]
[Black "Andersson, Kjell Ake"]
[Result "1-0"]
[WhiteElo "2319"]
[BlackElo "1922"]
[PlyCount "77"]
[EventDate "2019.08.16"]
[EventType "swiss"]
[EventRounds "8"]
[EventCountry "SWE"]
[SourceTitle "CBM 191 Extra"]
[Source "ChessBase"]
[SourceDate "2019.09.30"]
[SourceVersion "1"]
[SourceVersionDate "2019.09.30"]
[SourceQuality "1"]

1. d4 Nf6 2. c4 e6 3. g3 Bb4+ 4. Bd2 Qe7 5. Bg2 Nc6 6. Nf3 Bxd2+ 7. Nbxd2 d6 8. 0-0 0-0 9. Rc1 e5 10. d5 Nb8 11. e4 a5 12. Nh4 g6 13. Qe2 Na6 14. h3 Nc5 15. Qe3 Bd7 16. b3 Kg7 17. a3 h6 18. b4 axb4 19. axb4 Na6 20. Qc3 Nh5 21. c5 Kh7 22. Nb3 Nf4 23. gxf4 Qxh4 24. fxe5 dxe5 25. Nd2 Bb5 26. Rfe1 Rae8 27. Ra1 f5 28. Ra5 Bd7 29. c6 Bc8 30. b5 b6 31. Rxa6 Bxa6 32. bxa6 fxe4 33. Nxe4 Ra8 34. Qxe5 Rf7 35. Qe6 Rg7 36. Nf6+ Kh8 37. Qe8+ Rg8 38. Qf7 Rg7 39. Re8+ 1-0

[Event "Vasteras op"]
[Site "Vasteras"]
[Date "2018.09.28"]
[Round "1"]
[White "Lindberg, Bengt"]
[Black "Andersson, Kjell Ake"]
[Result "1-0"]
[WhiteElo "2406"]
[BlackElo "1940"]
[PlyCount "43"]
[EventDate "2018.09.28"]
[EventType "swiss"]
[EventRounds "8"]
[EventCountry "SWE"]
[SourceTitle "CBM 186 Extra"]
[Source "ChessBase"]
[SourceDate "2018.08.24"]
[SourceVersion "1"]
[SourceVersionDate "2018.08.24"]
[SourceQuality "1"]

1. e4 c6 2. d4 d5 3. exd5 cxd5 4. c4 Nf6 5. Nc3 e6 6. Nf3 Be7 7. cxd5 Nxd5 8. Bd3 Nc6 9. 0-0 0-0 10. Re1 Bf6 11. Be4 Nce7 12. Ne5 b6 13. Ng4 Bb7 14. Nxf6+ gxf6 15. Bh6 f5 16. Bxf8 Qxf8 17. Bf3 Rc8 18. Rc1 Nxc3 19. Rxc3 Nd5 20. Rxc8 Qxc8 21. Qd2 Qd8 22. Qh6 1-0

[Event "Lidkoping op"]
[Site "Lidkoping"]
[Date "2018.08.25"]
[Round "1"]
[White "Wiedenkeller, Michael"]
[Black "Andersson, Kjell Ake"]
[Result "1-0"]
[WhiteElo "2464"]
[BlackElo "1940"]
[PlyCount "83"]
[EventDate "2018.08.25"]
[EventType "swiss"]
[EventRounds "7"]
[EventCountry "SWE"]
[SourceTitle "CBM 186 Extra"]
[Source "ChessBase"]
[SourceDate "2018.08.24"]
[SourceVersion "1"]
[SourceVersionDate "2018.08.24"]
[SourceQuality "1"]

1. Nf3 Nf6 2. g3 d5 3. Bg2 c6 4. d3 Bf5 5. Nbd2 e6 6. 0-0 h6 7. Qe1 Be7 8. e4 Bh7 9. Qe2 0-0 10. e5 Nfd7 11. Re1 c5 12. Nf1 Nc6 13. h4 Nd4 14. Nxd4 cxd4 15. Qg4 Kh8 16. Qxd4 Bc5 17. Qg4 Qb6 18. Qe2 Nxe5 19. Qxe5 Bxf2+ 20. Kh2 Bxe1 21. Qxe1 Rac8 22. Ne3 Qc7 23. Bd2 d4 24. Nc4 b5 25. Bf4 Qd7 26. Ne5 Qe7 27. Nc6 Rxc6 28. Bxc6 Rc8 29. Qh1 Qc5 30. Bg2 Qb4 31. Qc1 Bxd3 32. c3 dxc3 33. Be5 Kg8 34. Bxc3 Qe7 35. Qe3 Bg6 36. a3 Rd8 37. Qe5 Qf8 38. Qxb5 Rd3 39. Re1 Qd8 40. Qe5 Qf8 41. Re3 Rd1 42. Bd4 1-0

[Event "EU-ch Seniors 50 18th"]
[Site "Drammen"]
[Date "2018.08.07"]
[Round "4"]
[White "Andersson, Kjell Ake"]
[Black "Andersen, Glenn"]
[Result "1-0"]
[WhiteElo "1940"]
[BlackElo "1767"]
[PlyCount "61"]
[EventDate "2018.08.04"]
[EventType "swiss"]
[EventRounds "9"]
[EventCountry "NOR"]
[SourceTitle "CBM 185 Extra"]
[Source "ChessBase"]
[SourceDate "2018.07.29"]
[SourceVersion "1"]
[SourceVersionDate "2018.07.29"]
[SourceQuality "1"]

1. c4 f5 2. Nf3 d6 3. Nc3 e5 4. d3 Nf6 5. g3 g6 6. Bg2 Bg7 7. 0-0 0-0 8. Rb1 a5 9. a3 c6 10. b4 Na6 11. Qb3 axb4 12. axb4 Qe7 13. Nd2 Nc7 14. b5 c5 15. Bb2 Ne6 16. Ra1 Nd4 17. Nd5 Nxe2+ 18. Kh1 Nxd5 19. Rxa8 Nf6 20. Re1 Nd4 21. Bxd4 exd4 22. Qa3 Qc7 23. Qa5 Qxa5 24. Rxa5 Nd7 25. Nb3 Bh6 26. Ra7 b6 27. Bd5+ Kh8 28. Be6 Rd8 29. Rc7 Bf8 30. Ra1 d5 31. cxd5 1-0

[Event "EU-ch Seniors 50 18th"]
[Site "Drammen"]
[Date "2018.08.04"]
[Round "1"]
[White "Evensen, Per Erik"]
[Black "Andersson, Kjell Ake"]
[Result "0-1"]
[WhiteElo "1447"]
[BlackElo "1940"]
[PlyCount "128"]
[EventDate "2018.08.04"]
[EventType "swiss"]
[EventRounds "9"]
[EventCountry "NOR"]
[SourceTitle "CBM 185 Extra"]
[Source "ChessBase"]
[SourceDate "2018.07.29"]
[SourceVersion "1"]
[SourceVersionDate "2018.07.29"]
[SourceQuality "1"]

1. d4 Nf6 2. c4 e6 3. Nc3 Bb4 4. Bd2 Nc6 5. Nf3 0-0 6. g3 d6 7. Bg2 e5 8. dxe5 dxe5 9. 0-0 Be6 10. b3 h6 11. a3 Be7 12. Qc2 Qc8 13. e4 Bg4 14. Be3 Re8 15. Nd5 Bd8 16. Rfe1 Nb8 17. Bc1 c6 18. Nxf6+ Bxf6 19. Bb2 Bxf3 20. Bxf3 c5 21. Rad1 Nc6 22. Bg2 Qe6 23. Rd3 Rac8 24. Qd1 Nd4 25. Bxd4 cxd4 26. Bf3 Qa6 27. Qa1 b5 28. cxb5 Qxb5 29. Be2 Qb7 30. Rf3 Qxe4 31. Qd1 Qc2 32. Bc4 Qxd1 33. Rxd1 Rc5 34. h4 Re7 35. Rfd3 a5 36. a4 e4 37. R3d2 g5 38. hxg5 Rxg5 39. Kg2 e3 40. fxe3 Rxe3 41. Rf2 Rexg3+ 42. Kf1 Rg1+ 43. Ke2 Re5+ 44. Kd2 Rxd1+ 45. Kxd1 Kg7 46. Rg2+ Bg5 47. Rg4 f5 48. Rxd4 Be7 49. Rf4 Bc5 50. Bd3 Kf6 51. Rh4 Kg5 52. Rh2 h5 53. Rg2+ Kf6 54. Rg8 h4 55. Rh8 Kg5 56. Rg8+ Kf4 57. Rh8 Ke3 58. Bxf5 Rxf5 59. Rxh4 Kd3 60. Rh3+ Be3 61. Ke1 Rg5 62. Rf3 Rg1+ 63. Rf1 Rxf1+ 64. Kxf1 Kc3 0-1

[Event "EU-ch Seniors 50 18th"]
[Site "Drammen"]
[Date "2018.08.03"]
[Round "9"]
[White "Andersson, Kjell Ake"]
[Black "Gonzalez Pabollet, Jesus Maria"]
[Result "1-0"]
[WhiteElo "1940"]
[BlackElo "1818"]
[PlyCount "51"]
[EventDate "2018.08.04"]
[EventType "swiss"]
[EventRounds "9"]
[EventCountry "NOR"]
[SourceTitle "EXT 2023"]
[Source "ChessBase"]
[SourceDate "2022.10.05"]
[SourceVersion "1"]
[SourceVersionDate "2022.10.05"]
[SourceQuality "1"]

1. c4 e5 2. g3 Nf6 3. Bg2 d5 4. cxd5 Nxd5 5. Nc3 Be6 6. Nf3 Nc6 7. 0-0 Be7 8. d3 Nxc3 9. bxc3 0-0 10. Be3 Qd7 11. Re1 Rad8 12. Ng5 Bf5 13. Qa4 a5 14. Rab1 Qc8 15. Qb5 Rd6 16. Qxb7 Qd7 17. Qb2 Nd8 18. Qb5 Nc6 19. Ne4 Rb8 20. Qa4 Rg6 21. Nc5 Rxb1 22. Rxb1 Bxc5 23. Bxc5 h5 24. Qh4 Rf6 25. Be3 g6 26. Qxf6 1-0

[Event "Karlstad op"]
[Site "Karlstad"]
[Date "2014.12.27"]
[Round "2"]
[White "Andersson, Kjell Ake"]
[Black "Krantz, Christopher"]
[Result "1/2-1/2"]
[WhiteElo "2014"]
[BlackElo "2255"]
[PlyCount "120"]
[EventDate "2014.12.27"]
[EventType "swiss"]
[EventRounds "7"]
[EventCountry "SWE"]
[SourceTitle "CBM 164 Extra"]
[Source "ChessBase"]
[SourceDate "2015.03.02"]
[SourceVersion "1"]
[SourceVersionDate "2015.03.02"]
[SourceQuality "1"]

1. c4 e5 2. g3 Nf6 3. Bg2 h6 4. Nc3 Bb4 5. Nd5 Nxd5 6. cxd5 0-0 7. e3 c6 8. Ne2 cxd5 9. Bxd5 Nc6 10. 0-0 d6 11. a3 Bc5 12. b4 Bb6 13. Bb2 Be6 14. Bg2 f6 15. d4 Bf7 16. Rc1 Rc8 17. Qd2 Rc7 18. Rfd1 Qb8 19. d5 Ne7 20. a4 Rxc1 21. Rxc1 a6 22. a5 Ba7 23. Ba3 Rc8 24. e4 b5 25. Rxc8+ Qxc8 26. Qc3 Qd7 27. Kf1 f5 28. f3 fxe4 29. fxe4 Bh5 30. h3 Nxd5 31. exd5 Qf5+ 32. Nf4 exf4 33. g4 Qb1+ 34. Ke2 Bg6 35. Bb2 Qc2+ 36. Qxc2 Bxc2 37. Kf3 g5 38. h4 Kf7 39. hxg5 hxg5 40. Ke2 Be3 41. Bc3 Ke7 42. Bf3 Bg6 43. Bg2 Ba7 44. Bf3 Bb8 45. Bd4 Bc7 46. Kd2 Bd8 47. Kc3 Bb1 48. Kd2 Ba2 49. Kc3 Bc4 50. Kd2 Kf7 51. Kc3 Bf1 52. Bh8 Bc4 53. Bd4 Bf6 54. Bxf6 Kxf6 55. Kd4 Bf1 56. Ke4 Bc4 57. Kd4 Bb3 58. Be2 Ba4 59. Bf3 Ke7 60. Be2 Ke8 1/2-1/2

[Event "Vasteras op"]
[Site "Vasteras"]
[Date "2014.09.26"]
[Round "1"]
[White "Johannessen, Leif Erlend"]
[Black "Andersson, Kjell Ake"]
[Result "1-0"]
[WhiteElo "2526"]
[BlackElo "1949"]
[PlyCount "87"]
[EventDate "2014.09.26"]
[EventType "swiss"]
[EventRounds "8"]
[EventCountry "SWE"]
[SourceTitle "CBM 162 Extra"]
[Source "ChessBase"]
[SourceDate "2014.10.17"]
[SourceVersion "1"]
[SourceVersionDate "2014.10.17"]
[SourceQuality "1"]

1. d4 d5 2. c4 c6 3. Nf3 Nf6 4. e3 Bf5 5. Nc3 e6 6. Nh4 Bg6 7. Nxg6 hxg6 8. Bd3 Nbd7 9. 0-0 Qc7 10. h3 Be7 11. Rb1 0-0 12. c5 e5 13. b4 a6 14. a4 exd4 15. exd4 Nh5 16. Qf3 Rfe8 17. g4 Nhf6 18. Bf4 Qc8 19. Kg2 Nh7 20. Qg3 Nhf8 21. g5 Ne6 22. Be3 Ndf8 23. f4 Qc7 24. h4 b6 25. cxb6 Qxb6 26. a5 Qd8 27. Rh1 Bd6 28. h5 Qc7 29. Ne2 Rab8 30. h6 Nxg5 31. Qxg5 Rxe3 32. hxg7 Kxg7 33. f5 Rxe2+ 34. Bxe2 f6 35. Qh6+ Kf7 36. fxg6+ Nxg6 37. Qh7+ Kf8 38. Qxg6 Qg7 39. Qxg7+ Kxg7 40. Bxa6 Re8 41. Bd3 Re3 42. Rh3 Re7 43. Rh7+ Kf8 44. Rxe7 1-0